Homens do Oeste (Registo nº 1802)

Detalhes MARC
000 -Etiqueta do registo
Cabeçalho 00826nam a22002891 4500
005 - Identificador da versão
Campo de controlo 20240813121916.0
095 ## -
-- PTBN00162118
021 ## - Número do Depósito Legal
Código do país PT
Número 25612/89
100 ## - Dados gerais de processamento
Dados gerais de processamento 20070509d1989 am y0pory5003 ba
102 ## - Pais de publicação ou produção
País de publicação Portugal
101 0# - Língua de publicação
Língua do texto, banda sonora, etc. Português
106 ## - Campo de dados codificados: material textual
Dados codificados do material textual r
105 ## - Campo de dados codificados: livros
Dados codificados dos livros a t 000ay
215 ## - Descrição física 
Indicação específica da natureza do documento e extensão da espécie 35, [1] p.
Outras indicações físicas todo il.
Dimensões 29 cm
200 1# - Titulo e menção de responsabilidade
Título próprio Homens do Oeste
Primeira menção de responsabilidade José Pires
Outras menções de responsabilidade rev. e coord. Jorge Magalhães
225 2# - Colecção 
Título próprio da colecção Antologia da BD portuguesa
Indicação de volume 20
210 ## - Publicação, Distribuição, etc. 
Lugar da edição, distribuição, etc. Lisboa
Nome do editor, distribuidor, etc. Futura
Data da publicação, distribuição, etc. cop. 1989
606 ## - Nome comum usado como assunto
Número de registo de entrada de autoridade 0000265
Palavra de ordem Literatura portuguesa juvenil
Subdivisão de assunto Banda desenhada
675 ## - Classificação Decimal Universal (CDU)
Notação 821.134.3-9
Edição
Língua da edição por
702 #1 - Nome de autor-pessoa física (responsabilidade secundária)
Número de registo de entrada de autoridade 0000257
Palavra de ordem Magalhães
Outra parte do nome não tomada para palavra de ordem Jorge
Código de função Editor literário / Coordenador
700 #1 - Nome de autor-pessoa física (responsabilidade principal)
Número de registo de entrada de autoridade 0000318
Palavra de ordem Pires
Outra parte do nome não tomada para palavra de ordem José
Datas 1935-
942 ## - Elementos de entrada adicionados (Koha)
Tipo de item no Koha Livro
Exemplares
Situação do levantamento Origin of item (home branch) (coded) Biblioteca de empréstimo Código de barras Cota Circulation type (not for loan) Tipo de documento Nota do exemplar Damaged status
  Biblioteca Escolar da Coca Maravilhas Biblioteca Escolar da Coca Maravilhas BECM83/90 8BD PIR   Livro Sem mensagem